Tốc khu : Truyện ký bên dòng sông Tri Tôn
Spremljeno u:
| Glavni autor: | |
|---|---|
| Format: | Knjiga |
| Jezik: | Undetermined |
| Izdano: |
Hà Nội
Hội Nhà văn
2019
|
| Teme: | |
| Oznake: |
Dodaj oznaku
Bez oznaka, Budi prvi tko označuje ovaj zapis!
|
| Thư viện lưu trữ: | Trung tâm Học liệu Trường Đại học Cần Thơ |
|---|
| LEADER | 00566nam a2200193Ia 4500 | ||
|---|---|---|---|
| 001 | CTU_235779 | ||
| 008 | 210402s9999 xx 000 0 und d | ||
| 082 | |a 895.9228403 | ||
| 082 | |b H513 | ||
| 100 | |a Trương, Thanh Hùng | ||
| 245 | 0 | |a Tốc khu : | |
| 245 | 0 | |b Truyện ký bên dòng sông Tri Tôn | |
| 245 | 0 | |c Trương Thanh Hùng | |
| 260 | |a Hà Nội | ||
| 260 | |b Hội Nhà văn | ||
| 260 | |c 2019 | ||
| 650 | |a Tự truyện,Autobiographies | ||
| 910 | |b dqhieu | ||
| 980 | |a Trung tâm Học liệu Trường Đại học Cần Thơ | ||